Deutsche Kanzler 1871-2020 Quiz - Statistiken

Allgemein
  • Dieses Quiz wurde 2.002 mal gespielt
  • Das Durchschnittsergebnis liegt bei 14 aus 34
Antwortstatistiken
Zeit Bundeskanzler % Korrekt
2005-jetzt Angela Merkel
97%
1949-1963 Konrad Adenauer
92%
1982-1998 Helmut Kohl
90%
1933-1934 Adolf Hitler
86%
1998-2005 Gerhard Schröder
85%
1974-1982 Helmut Schmidt
83%
1871-1890 Otto von Bismarck
83%
1969-1974 Willy Brandt
83%
1963-1966 Ludwig Erhard
68%
1966-1969 Kurt Georg Kiesinger
66%
1932 Franz von Papen
42%
1918-1919 Friedrich Ebert
40%
1923 Gustav Stresemann
34%
1920 Hermann Müller
30%
1928-1930 Hermann Müller
30%
1932-1933 Kurt von Schleicher
30%
1919 Philipp Scheidemann
29%
1974 Walter Scheel
29%
1930-1932 Heinrich Brüning
27%
1918 Prinz Max von Baden
27%
1923-1925 Wilhelm Marx
23%
1926-1928 Wilhelm Marx
23%
1890-1894 Graf Leo von Caprivi
21%
1900-1909 Fürst Bernhard von Bülow
20%
1909-1917 Theobald von Bethmann Hollweg
18%
1919-1920 Gustav Bauer
17%
1922-1923 Wilhelm Cuno
17%
1925-1926 Hans Luther
16%
1894-1900 Fürst Chlodwig zu Hohenlohe-Schillingsfürst
15%
1917 Georg Michaelis
14%
1920-1921 Constantin Fehrenbach
13%
1921-1922 Joseph Wirth
13%
1926 Otto Geßler
12%
1917-1918 Graf Georg von Hertling
11%
Keine übereinstimmenden Quizze gefunden
Verteilung der Resultate
Anzahl Personen mit jedem Resultat
Perzentil nach korrekt beantworteten Fragen
Ihre Resultats-Entwicklung
Sie haben dieses Quiz noch nicht gespielt